Implementation of Social Media in ITSM Processes
Úloha ľudského faktora pri riadení IT služieb (IT service management – ITSM) v oblasti komunikácie a využívania sociálnych médií. Prístup firiem k využívaniu sociálnych médií v pracovnom procese na základe vytvoreného modelu a výsledkov dotazníkového prieskumu v slovenských podnikoch spracovaných po...
Uložené v:
| Hlavný autor: | |
|---|---|
| Ďalší autori: | |
| Médium: | Kapitola |
| Jazyk: | English |
| Predmet: | |
| Tagy: |
Žiadne tagy, Buďte prvý, kto otaguje tento záznam!
|
MARC
| LEADER | 00000naa$a2200000$$$4500 | ||
|---|---|---|---|
| 001 | 0273751 | ||
| 005 | 20240521130204.6 | ||
| 041 | 0 | |a eng | |
| 044 | |a US | ||
| 245 | 1 | 0 | |a Implementation of Social Media in ITSM Processes |c Benita Beláňová, Anna Hamranová |
| 520 | |a Úloha ľudského faktora pri riadení IT služieb (IT service management – ITSM) v oblasti komunikácie a využívania sociálnych médií. Prístup firiem k využívaniu sociálnych médií v pracovnom procese na základe vytvoreného modelu a výsledkov dotazníkového prieskumu v slovenských podnikoch spracovaných pomocou deskriptívnej štatistiky a klastrovej analýzy. Používanie sociálnych médií u zamestnancov na pracovnú či neformálnu komunikáciu vo firmách pôsobiacich na Slovensku. Podpora vrcholového manažmentu, úroveň získaných skúseností a kvalita získaných informácií na základe informácií zo sociálnych médií. Používanie sociálnych médií v spoločnostiach rôznych veľkostných kategórií. Názory respondentov ohľadom využívania sociálnych médií v spoločnostiach. | ||
| 610 | 2 | 0 | |a riadenie vnútropodnikové |
| 610 | 2 | 0 | |a komunikácia firemná |
| 610 | 2 | 0 | |a komunikácia interná |
| 610 | 2 | 0 | |a médiá sociálne |
| 610 | 2 | 0 | |a siete sociálne |
| 610 | 2 | 0 | |a technológie informačné |
| 610 | 2 | 0 | |a technológie komunikačné |
| 610 | 2 | 0 | |a manažment informačný |
| 610 | 2 | 0 | |a Slovensko |
| 100 | 1 | |a Beláňová, Benita, 1973- | |
| 700 | 1 | |a Hamranová, Anna, 1957- | |